02096nam a22001697a 4500999001900000008004100019100003600060245015200096260003500248300003200283520138700315650005401702773003401756906002201790942000701812952010701819 c514918d514918210102b ||||| |||| 00| 0 eng d aBrewer, Alexandra et al 922002 aWho gets the benefit of the doubt? performance evaluations, medical errors, and the production of gender inequality in emergency medical education  aAmerican Sociological Review  a85(2), Apr, 2020: p.247-270 aWhy do women continue to face barriers to success in professions, especially male-dominated ones, despite often outperforming men in similar subjects during schooling? With this study, we draw on role expectations theory to understand how inequality in assessment emerges as individuals transition from student to professional roles. To do this, we leverage the case of medical residency so that we can examine how changes in role expectations shape assessment while holding occupation and organization constant. By analyzing a dataset of 2,765 performance evaluations from a three-year emergency medicine training program, we empirically demonstrate that women and men are reviewed as equally capable at the beginning of residency, when the student role dominates; however, in year three, when the colleague role dominates, men are perceived as outperforming women. Furthermore, when we hold resident performance somewhat constant by comparing feedback to medical errors of similar severity, we find that in the third year of residency, but not the first, women receive more harsh criticism and less supportive feedback than men. Ultimately, this study suggests that role expectations, and the implicit biases they can trigger, matter significantly to the production of gender inequality, even when holding organization, occupation, and resident performance constant. - Reproduced  aMedical sociology, Gender, Work, Education919930 aAmerican Sociological Review  aMEDICAL SOCIOLOGY cAR 00102ddc40709388931aIIPAbIIPAd2021-01-02h85(2), Apr, 2020: p.247-270pAR123787r2021-01-02yAR